000 00717nam a2200229Ia 4500
005 20241129111229.0
008 241129s9999||||xx |||||||||||||| ||und||
020 _a978-1-032-72589-5
037 _aTB
040 _aCRL
_beng
_cCRL
041 _aeng
_2eng
084 _aY33:7:7.49G R3
_qCRL
100 _aTalbot Ian Ed.; Ranjan Amit Ed.
_9723738
245 0 _aUrban development and environmental history in modern south asia
_cTalbot Ian Ed.; Ranjan Amit Ed.
260 _aNew Delhi, USA
_bRoutlege
_c2024
300 _axii,191p.
365 _aINR
_b1395
490 _aRoutledge advance in South Asian studies
650 _aSociology
942 _cTB
_hY33:7:7.49G R3
999 _c1229487
_d1229487